[Event "IBCA-ol blind 15th"]
[Site "Ohrid"]
[Date "2017.06.23"]
[Round "5.2"]
[White "Todorov, Aleksandar"]
[Black "Grybas, Gintaras"]
[Result "1-0"]
[WhiteElo "1955"]
[BlackElo "2028"]
[PlyCount "77"]
[EventDate "2017.06.19"]
[EventType "team-swiss"]
[EventRounds "9"]
[EventCountry "MKD"]
[SourceTitle "CBM 179 Extra"]
[Source "ChessBase"]
[SourceDate "2017.08.23"]
[SourceVersion "1"]
[SourceVersionDate "2017.08.23"]
[SourceQuality "1"]
[WhiteTeam "Bulgaria"]
[BlackTeam "Lithuania"]
[WhiteTeamCountry "BUL"]
[BlackTeamCountry "LTU"]

1. e4 c6 2. d4 d5 3. exd5 cxd5 4. c4 Nf6 5. cxd5 Nxd5 6. Nc3 e6 7. Nf3 Be7 8. Bd3 0-0 9. 0-0 Nc6 10. a3 Nxc3 11. bxc3 b6 12. Qe2 Bb7 13. Qe4 g6 14. Qg4 Bf6 15. Bh6 Bg7 16. Bxg7 Kxg7 17. Rad1 Rc8 18. c4 Qd6 19. h4 Rfd8 20. Bb1 Na5 21. Ne5 Nxc4 22. Rfe1 Nxa3 23. Bxg6 hxg6 24. Nxg6 Rc7 25. Ne5+ Kf8 26. Qg5 Qe7 27. Qh6+ Ke8 28. Re3 Qb4 29. Qh8+ Ke7 30. Qg7 Re8 31. d5 Bxd5 32. Rxd5 Qb1+ 33. Kh2 exd5 34. Qxf7+ Kd6 35. Qxe8 Kc5 36. Qf8+ Kd4 37. Nf3+ Kc4 38. Qxa3 Qh7 39. Qb2 1-0

[Event "IBCA EU-chT blind 01st"]
[Site "Warsaw"]
[Date "2016.07.30"]
[Round "7.2"]
[White "Todorov, Aleksandar"]
[Black "Meshkov, Yuri A"]
[Result "0-1"]
[WhiteElo "1951"]
[BlackElo "2350"]
[PlyCount "118"]
[EventDate "2016.07.24"]
[EventType "team-swiss"]
[EventRounds "9"]
[EventCountry "POL"]
[SourceTitle "CBM 173 Extra"]
[Source "ChessBase"]
[SourceDate "2016.08.29"]
[SourceVersion "1"]
[SourceVersionDate "2016.08.29"]
[SourceQuality "1"]
[WhiteTeam "Bulgaria"]
[BlackTeam "Russia"]
[WhiteTeamCountry "BUL"]
[BlackTeamCountry "RUS"]

1. e4 c5 2. c3 d6 3. d4 Nf6 4. Bd3 g6 5. Nf3 Bg7 6. 0-0 0-0 7. h3 d5 8. exd5 cxd4 9. Nxd4 Nxd5 10. Nf3 Nc6 11. Qe2 Qc7 12. Na3 Nf4 13. Bxf4 Qxf4 14. Qe4 Qc7 15. Qe3 e5 16. Rad1 Qe7 17. Bc4 Kh8 18. Rfe1 f5 19. Bd5 e4 20. Nd4 Nxd4 21. cxd4 Qd7 22. Bb3 b5 23. Nc2 a5 24. a3 Bb7 25. d5 Bxb2 26. Nd4 b4 27. a4 Bc3 28. Ne6 Rfc8 29. Re2 Qd6 30. Rc2 Be5 31. Bc4 Ba6 32. Qb3 Bxc4 33. Rxc4 Rxc4 34. Qxc4 h6 35. Rc1 Qd7 36. Nc5 Qe7 37. Ne6 Kh7 38. g3 Qd7 39. Nc5 Qc7 40. Qf1 Bc3 41. Ne6 Qd7 42. Qc4 e3 43. fxe3 Bd2 44. Qc7 Bxe3+ 45. Kf1 Qxc7 46. Rxc7+ Kg8 47. Rb7 Ra7 48. Rb8+ Kf7 49. Ke2 Bg5 50. Kd3 Be7 51. Kc4 Bd6 52. Rh8 Kf6 53. g4 f4 54. Nd4 Rc7+ 55. Nc6 f3 56. Kd3 b3 57. Re8 f2 58. Ke2 b2 59. Rb8 Bb4 0-1